[Event "45th Olympiad Budapest 2024"]
[Site "Budapest"]
[Date "2024.09.13"]
[Round "3"]
[Board "4"]
[White "Toma, Katarzyna"]
[Black "Machlik, Monika"]
[Result "1-0"]
[WhiteElo "2184"]
[BlackElo "2109"]
[PlyCount "71"]
[EventDate "2024.09.11"]
[EventType "team-tourn"]
[EventRounds "11"]
[EventCountry "HUN"]
[WhiteTeam "England"]
[BlackTeam "Norway"]
[WhiteTeamCountry "ENG"]
[BlackTeamCountry "NOR"]

1. e4 {[%emt 0:00:04]} c6 {[%emt 0:00:06]} 2. d4 {[%emt 0:00:10]} d5 {[%emt 0:00:08]} 3. exd5 {[%emt 0:00:17]} cxd5 {[%emt 0:00:44]} 4. Bd3 {[%emt 0:00:11]} Nc6 {[%emt 0:00:27]} 5. c3 {[%emt 0:00:06]} e6 {[%emt 0:02:53]} 6. Bf4 {[%emt 0:00:31]} Nge7 {[%emt 0:01:37]} 7. Nf3 {[%emt 0:00:42]} f6 {[%emt 0:01:42]} 8. Qe2 $146 {[%emt 0:01:40]} ({RR} 8. O-O g5 9. Bxg5 fxg5 10. Nxg5 h5 11. Qf3 Nf5 12. Nxe6 Bxe6 13. Bxf5 Bxf5 14. Qxf5 Qd7 15. Re1+ Be7 16. Qxd7+ Kxd7 17. Nd2 Rhg8 18. Nf3 Bd6 19. Ne5+ Nxe5 20. dxe5 Bc5 21. Re2 Raf8 22. e6+ Ke7 {0-1 Pancewicz,S (2041)-Kokoszczynski,J (2314) Najdorf Mem Open A 2024 (1.15)}) ({RR} 8. Qc2 g5 9. Bg3 Nf5 10. Nbd2 h5 11. h4 Nxg3 12. fxg3 g4 13. Ng1 Bd6 14. Ne2 Qc7 15. O-O Bxg3 16. Nxg3 Qxg3 17. Rxf6 Bd7 18. Bg6+ Kd8 19. Raf1 Kc7 20. Qd3 Qxh4 21. Rf7 Rag8 22. Bh7 Rd8 {1-0 Caruana,F (2792)-Anton Guijarro,D (2693) Wch Rapid Warsaw 2021 (9)}) ({RR} 8. O-O g5 9. Bxg5 fxg5 10. Nxg5 Rg8 11. Nxh7 Bg7 12. Re1 Qd6 13. Ng5 Qf4 14. Qh5+ Kd8 15. g3 Qf6 16. Nd2 Kc7 17. Ndf3 Bd7 18. Re2 Raf8 19. Nh4 Rh8 20. Nh7 Qf7 21. Qxf7 Rxf7 22. Ng5 Rf6 {1-0 Strand,V (2133)-Machlik,M (2071) TCh-NOR Elite 2023-24 (9.46)}) ({RR} 8. Qc2 g5 9. Bg3 Bg7 10. Nbd2 Nf5 11. Nb3 h5 12. h4 Nxg3 13. fxg3 g4 14. Ng1 Qd6 15. Ne2 Bd7 16. Bg6+ Kd8 17. Nf4 Bh6 18. Nxh5 f5 19. Nc5 Kc7 20. Nf6 Qxg3+ 21. Qf2 Bd2+ 22. Ke2 Qxf2+ {1-0 Skettos,N (1929)-Roberson,P (2430) Daventry 4NCL Easter op-A 2nd 2022 (1)}) ({RR} 8. h4 Ng6 9. Bg3 Bd6 10. h5 Nf4 11. Bxf4 Bxf4 12. Qc2 f5 13. Qe2 Qf6 14. Nbd2 Bd7 15. O-O-O O-O 16. Kb1 Rae8 17. Nb3 Bd6 18. Qd2 Re7 19. h6 g6 20. Rhe1 f4 21. Rh1 Kh8 22. Rde1 a5 {0-1 Sian,S (2107)-Abdrlauf,E (2504) TCh-NOR Elite 2022-23 (2.23)}) 8... Ng6 {[%emt 0:11:21]} 9. Bg3 {[%emt 0:03:05]} Bd6 {[%emt 0:01:22]} 10. Nbd2 {[%emt 0:14:35]} Nf4 {[%emt 0:06:41]} 11. Bxf4 {[%emt 0:00:12]} Bxf4 {[%emt 0:00:06]} 12. g3 {[%emt 0:00:39]} Bd6 {[%emt 0:02:49]} 13. Nh4 {[%emt 0:00:45]} g6 {[%emt 0:15:09]} 14. f4 {[%emt 0:11:59]} O-O {[%emt 0:08:05]} 15. Qg2 {[%emt 0:11:01]} Kg7 {[%emt 0:03:15]} 16. O-O-O {[%emt 0:04:57]} Qa5 {[%emt 0:08:15]} 17. Kb1 {[%emt 0:02:31]} b5 {[%emt 0:04:52]} 18. Nhf3 {[%emt 0:11:44]} Qb6 {[%emt 0:02:58]} 19. h4 {[%emt 0:03:34]} e5 {[%emt 0:11:29]} 20. fxe5 {[%emt 0:05:22]} fxe5 {[%emt 0:00:05]} 21. h5 {[%emt 0:05:30]} e4 {[%emt 0:02:03]} 22. hxg6 {[%emt 0:00:17]} Rh8 {[%emt 0:04:24]} 23. Ng5 {[%emt 0:04:57]} Bg4 {[%emt 0:05:01]} 24. Rdf1 {[%emt 0:02:36]} Raf8 {[%emt 0:01:28]} 25. Rxf8 {[%emt 0:07:54]} Bxf8 {[%emt 0:01:35]} 26. Nf7 {[%emt 0:01:36]} h6 {[%emt 0:02:50]} 27. Nxh8 {[%emt 0:01:32]} Kxh8 {[%emt 0:00:16]} 28. Nxe4 {[%emt 0:00:55]} Nxd4 {[%emt 0:02:21]} 29. Ng5 {[%emt 0:00:29]} Qf6 {[%emt 0:00:29]} 30. Nf7+ {[%emt 0:01:38]} Kg7 {[%emt 0:00:12]} 31. cxd4 {[%emt 0:01:29]} Bf3 {[%emt 0:00:47]} 32. Qh2 {[%emt 0:00:17]} Qxd4 {[%emt 0:00:31]} 33. Qxh6+ {[%emt 0:00:16]} Kf6 {[%emt 0:00:10]} 34. Qh8+ {[%emt 0:00:27]} Bg7 {[%emt 0:00:06]} 35. Qd8+ {[%emt 0:00:34]} Ke6 {[%emt 0:00:37]} 36. Qd6# {[%emt 0:00:11]} 1-0

[Event "45th Olympiad Budapest 2024"]
[Site "Budapest"]
[Date "2024.09.13"]
[Round "3"]
[Board "1"]
[White "Atalik, Ekaterina"]
[Black "Alinasab, Mobina"]
[Result "0-1"]
[WhiteElo "2381"]
[BlackElo "2336"]
[PlyCount "84"]
[EventDate "2024.09.11"]
[EventType "team-tourn"]
[EventRounds "11"]
[EventCountry "HUN"]
[WhiteTeam "Turkiye"]
[BlackTeam "Iran"]
[BlackTeamCountry "IRI"]

1. d4 {[%emt 0:00:02]} Nf6 {[%emt 0:00:24]} 2. c4 {[%emt 0:00:13]} e6 {[%emt 0:00:09]} 3. Nc3 {[%emt 0:00:16]} Bb4 {[%emt 0:00:07]} 4. a3 {[%emt 0:00:22]} Bxc3+ {[%emt 0:00:33]} 5. bxc3 {[%emt 0:00:05]} d6 {[%emt 0:00:30]} 6. e3 {[%emt 0:02:16]} c5 {[%emt 0:01:58]} 7. Bd3 {[%emt 0:01:30]} ({RR} 7. Ne2 e5 8. Ng3 O-O 9. Be2 Re8 10. O-O Nbd7 11. Qc2 Nf8 12. Bd3 Qe7 13. f3 Ng6 14. Bd2 b6 15. Rae1 Bb7 16. e4 Qc7 17. f4 Nxf4 18. Bxf4 exf4 19. Rxf4 d5 20. Rxf6 dxe4 21. Bxe4 gxf6 {½-½ Sokolov,I (2570)-Luther,T (2495) Mitropa Cup 14th 1991 (3)}) 7... Nc6 {[%emt 0:00:50]} ({RR} 7... Nbd7 8. Ne2 O-O 9. O-O b6 10. e4 Bb7 11. Ng3 Rc8 12. f4 cxd4 13. cxd4 Ba6 14. e5 Ne8 15. Qe2 Qc7 16. Qh5 g6 17. Qh6 Bxc4 18. Bxc4 Qxc4 19. Be3 Qb3 20. Rae1 Ng7 21. Rf3 Qd5 22. h4 {0-1 Manukyan,S (2216)-Paichadze,L (2504) Titled Tue 5th Mar Late 2024 (9)}) 8. Nf3 {[%emt 0:01:13]} e5 {[%emt 0:03:52]} 9. Nd2 $146 {[%emt 0:07:16]} ({RR} 9. d5 Na5 10. e4 Nd7 11. Qa4 O-O 12. Nd2 b6 13. Qd1 Nb8 14. Nb3 Ba6 15. Nxa5 bxa5 16. O-O Nd7 17. f4 Nb6 18. fxe5 dxe5 19. Be3 Rc8 20. Rf5 f6 21. Qf1 Qd7 22. Qf2 Qe7 23. Qe2 Rc7 {0-1 De Sa,A-Trindade,S (2305) Brasiliense-ch 1992 (8)}) ({RR} 9. dxe5 dxe5 10. e4 Bg4 11. h3 Bh5 12. O-O h6 13. Qe2 Qc7 14. Bb2 Rd8 15. Rad1 Bxf3 16. Qxf3 Ne7 17. Bc2 O-O 18. Rxd8 Rxd8 19. Rd1 Ng6 20. Rxd8+ Qxd8 21. Qd3 Qe7 22. Bc1 b6 23. Ba4 Nh5 {½-½ Losev,S (2108)-Pospelov,S (2088) Moscow Region-ch op 2004 (11)}) ({RR} 9. d5 Ne7 10. Qc2 h6 11. O-O O-O 12. Nd2 Bg4 13. f4 exf4 14. Rxf4 Bh5 15. Ne4 Nxe4 16. Bxe4 Bg6 17. Bd2 Bxe4 18. Qxe4 Ng6 19. Rg4 Qe7 20. Qxe7 Nxe7 21. e4 Ng6 22. Bf4 Nxf4 23. Rxf4 Rae8 {1-0 Cendejas,J (1916)-Rakonitz,D (1490) San Francisco TNM Winter op 2013 (2)}) 9... exd4 {[%emt 0:14:12]} 10. cxd4 {[%emt 0:00:18]} cxd4 {[%emt 0:00:13]} 11. exd4 {[%emt 0:00:29]} Qe7+ {[%emt 0:04:02]} 12. Kf1 {[%emt 0:00:44]} Nxd4 {[%emt 0:00:41]} 13. Bb2 {[%emt 0:02:11]} Ne6 {[%emt 0:18:59]} 14. Qf3 {[%emt 0:05:08]} Nc5 {[%emt 0:04:36]} 15. Re1 {[%emt 0:10:23]} Be6 {[%emt 0:00:35]} 16. Bc2 {[%emt 0:02:17]} O-O-O {[%emt 0:11:27]} 17. Qg3 {[%emt 0:02:50]} Nh5 {[%emt 0:03:11]} 18. Qf3 {[%emt 0:08:28]} Qh4 {[%emt 0:13:33]} 19. g3 {[%emt 0:16:36]} Qh3+ {[%emt 0:11:23]} 20. Kg1 {[%emt 0:02:44]} Rhe8 {[%emt 0:02:20]} 21. Re3 {[%emt 0:04:09]} Nf6 {[%emt 0:06:43]} 22. Bxf6 {[%emt 0:04:06]} gxf6 {[%emt 0:00:05]} 23. Qxf6 {[%emt 0:00:13]} d5 {[%emt 0:00:51]} 24. Nf3 {[%emt 0:16:39]} Ne4 {[%emt 0:00:50]} 25. Qf4 {[%emt 0:02:55]} f5 {[%emt 0:00:30]} 26. Nd4 {[%emt 0:04:51]} dxc4 {[%emt 0:00:30]} 27. Nb5 {[%emt 0:00:58]} Rd7 {[%emt 0:00:17]} 28. f3 {[%emt 0:01:46]} a6 {[%emt 0:00:30]} 29. Na7+ {[%emt 0:02:12]} Kd8 {[%emt 0:00:01]} 30. fxe4 {[%emt 0:01:05]} Rd2 {[%emt 0:00:55]} 31. Rd3+ {[%emt 0:00:38]} Rxd3 {[%emt 0:00:41]} 32. Bxd3 {[%emt 0:00:06]} cxd3 {[%emt 0:00:19]} 33. Kf2 {[%emt 0:00:29]} fxe4 {[%emt 0:00:39]} 34. Qd6+ {[%emt 0:00:07]} Bd7 {[%emt 0:00:16]} 35. Rc1 {[%emt 0:00:25]} Qxh2+ {[%emt 0:00:17]} 36. Ke3 {[%emt 0:00:32]} Qe2+ {[%emt 0:00:03]} 37. Kd4 {[%emt 0:00:30]} Qf2+ {[%emt 0:01:21]} 38. Kd5 {[%emt 0:00:04]} Qf7+ {[%emt 0:00:43]} 39. Kd4 {[%emt 0:00:05]} Qf2+ {[%emt 0:00:26]} 40. Kd5 {[%emt 0:00:04]} Qf5+ {[%emt 0:00:30]} 41. Kd4 {[%emt 0:00:05]} Qe5+ {[%emt 0:01:22]} 42. Qxe5 {[%emt 0:01:28]} Rxe5 {[%emt 0:00:36]} 0-1

[Event "45th Olympiad Budapest 2024"]
[Site "Budapest"]
[Date "2024.09.13"]
[Round "3"]
[Board "3"]
[White "Blokhin, Sofia"]
[Black "Van Foreest, Machteld"]
[Result "0-1"]
[WhiteElo "2036"]
[BlackElo "2224"]
[PlyCount "142"]
[EventDate "2024.09.11"]
[EventType "team-tourn"]
[EventRounds "11"]
[EventCountry "HUN"]
[WhiteTeam "Estonia"]
[BlackTeam "Netherlands"]
[WhiteTeamCountry "EST"]
[BlackTeamCountry "NED"]

1. d4 {[%emt 0:00:01]} d5 {[%emt 0:00:18]} 2. c4 {[%emt 0:00:46]} e6 {[%emt 0:00:11]} 3. Nc3 {[%emt 0:00:10]} Nf6 {[%emt 0:00:03]} 4. Nf3 {[%emt 0:00:10]} c6 {[%emt 0:00:04]} 5. e3 {[%emt 0:00:06]} Nbd7 {[%emt 0:00:17]} 6. Bd3 {[%emt 0:00:09]} Bd6 {[%emt 0:02:36]} 7. e4 {[%emt 0:01:54]} dxc4 {[%emt 0:15:37]} 8. Bxc4 {[%emt 0:00:52]} b5 {[%emt 0:00:50]} 9. Bd3 {[%emt 0:16:29]} e5 {[%emt 0:15:37]} 10. dxe5 {[%emt 0:15:52]} Nxe5 {[%emt 0:00:36]} 11. Nxe5 {[%emt 0:01:42]} Bxe5 {[%emt 0:00:11]} 12. h3 $146 {[%emt 0:04:05]} ({RR} 12. O-O O-O 13. Ne2 a6 14. Kh1 Ng4 15. g3 Qb6 16. Kg2 Rd8 17. h3 c5 18. Qc2 Nxf2 19. Rxf2 c4 20. Bxc4 bxc4 21. Nf4 Bb7 22. Qe2 c3 23. bxc3 Bxc3 24. Be3 Qb4 25. Rc1 Qxe4+ 26. Kh2 Rac8 {½-½ Tsvetkov,A (2338)-Kezin,R (2471) Moscow op-A 15th 2019 (2)}) ({RR} 12. O-O O-O 13. Qe2 Rb8 14. Rd1 b4 15. Nb1 Qc7 16. h3 Bb7 17. Nd2 c5 18. Re1 Rbe8 19. Bb5 Re7 20. f3 Bd4+ 21. Kh1 Nh5 22. Nf1 Ng3+ 23. Nxg3 Qxg3 24. Be3 Qe5 25. Rad1 Re6 26. Bxd4 cxd4 {½-½ Guevara,M (2179)-Pilarte,R (2147) NCA-ch Managua 2017 (6)}) 12... O-O {[%emt 0:04:39]} 13. O-O {[%emt 0:01:42]} Re8 {[%emt 0:02:09]} 14. Be3 {[%emt 0:08:00]} Bb7 {[%emt 0:11:14]} 15. Qc2 {[%emt 0:07:02]} Nh5 {[%emt 0:02:58]} 16. f4 {[%emt 0:05:07]} Bd4 {[%emt 0:00:33]} 17. Bxd4 {[%emt 0:02:14]} Qxd4+ {[%emt 0:00:06]} 18. Kh2 {[%emt 0:00:31]} Qf6 {[%emt 0:19:05]} 19. Ne2 {[%emt 0:05:54]} g6 {[%emt 0:05:23]} 20. e5 {[%emt 0:02:51]} Qe7 {[%emt 0:00:13]} 21. g4 {[%emt 0:03:36]} Ng7 {[%emt 0:00:13]} 22. Ng3 {[%emt 0:00:59]} Ne6 {[%emt 0:02:46]} 23. Qf2 {[%emt 0:03:59]} Red8 {[%emt 0:01:06]} 24. Rad1 {[%emt 0:01:29]} c5 {[%emt 0:01:50]} 25. Be4 {[%emt 0:03:31]} Rd4 {[%emt 0:05:24]} 26. Bxb7 {[%emt 0:03:23]} Qxb7 {[%emt 0:00:14]} 27. Rxd4 {[%emt 0:02:03]} Nxd4 {[%emt 0:00:07]} 28. b4 {[%emt 0:01:03]} Qd5 {[%emt 0:00:56]} 29. bxc5 {[%emt 0:02:55]} Rc8 {[%emt 0:00:06]} 30. Ne2 {[%emt 0:02:41]} Nxe2 {[%emt 0:02:55]} 31. Qxe2 {[%emt 0:00:04]} Rxc5 {[%emt 0:00:21]} 32. Rd1 {[%emt 0:01:20]} Qc6 {[%emt 0:00:38]} 33. Rd8+ {[%emt 0:00:57]} Kg7 34. f5 {[%emt 0:00:50]} gxf5 {[%emt 0:06:18]} 35. gxf5 {[%emt 0:00:41]} Rc2 {[%emt 0:00:01]} 36. f6+ {[%emt 0:01:47]} Kg6 {[%emt 0:00:14]} 37. Rd2 {[%emt 0:00:25]} Rxd2 {[%emt 0:00:08]} 38. Qxd2 {[%emt 0:00:04]} Qe4 {[%emt 0:00:36]} 39. Qb2 {[%emt 0:01:24]} Kf5 {[%emt 0:00:38]} 40. Qf2+ {[%emt 0:00:36]} Ke6 {[%emt 0:01:28]} 41. Qxa7 {[%emt 0:00:46]} Qxe5+ {[%emt 0:00:06]} 42. Kg2 {[%emt 0:01:22]} Kxf6 {[%emt 0:02:59]} 43. Qa5 {[%emt 0:01:12]} Qd5+ {[%emt 0:02:14]} 44. Kg3 {[%emt 0:00:25]} Kg5 {[%emt 0:01:25]} 45. a4 {[%emt 0:04:43]} Qe5+ {[%emt 0:05:51]} 46. Kg2 {[%emt 0:01:23]} Qe4+ {[%emt 0:00:09]} 47. Kg3 {[%emt 0:01:59]} Qd3+ {[%emt 0:00:15]} 48. Kg2 {[%emt 0:01:10]} Qc2+ {[%emt 0:00:05]} 49. Kg3 {[%emt 0:00:14]} Qb3+ {[%emt 0:00:37]} 50. Kf2 {[%emt 0:01:13]} Qxa4 {[%emt 0:07:49]} 51. Qd8+ {[%emt 0:00:13]} Kh5 {[%emt 0:00:05]} 52. Qd5+ {[%emt 0:02:10]} Kh4 {[%emt 0:03:30]} 53. Qd8+ {[%emt 0:01:16]} Kxh3 {[%emt 0:01:17]} 54. Qd3+ {[%emt 0:01:27]} Kg4 {[%emt 0:00:13]} 55. Qf3+ {[%emt 0:04:16]} Kg5 {[%emt 0:00:39]} 56. Qd5+ {[%emt 0:00:35]} Kg6 {[%emt 0:00:43]} 57. Qc6+ {[%emt 0:07:21]} f6 {[%emt 0:02:43]} 58. Qg2+ {[%emt 0:00:48]} Kh6 {[%emt 0:00:16]} 59. Qh1+ {[%emt 0:00:50]} Kg5 {[%emt 0:00:42]} 60. Qd5+ {[%emt 0:00:20]} f5 {[%emt 0:02:15]} 61. Qd8+ {[%emt 0:03:39]} Kg4 {[%emt 0:00:04]} 62. Qg8+ {[%emt 0:01:02]} Kf4 {[%emt 0:00:06]} 63. Qg3+ {[%emt 0:00:45]} Ke4 {[%emt 0:00:02]} 64. Qh4+ {[%emt 0:01:40]} f4 {[%emt 0:01:53]} 65. Qe7+ {[%emt 0:01:20]} Kd4 {[%emt 0:01:35]} 66. Qf6+ {[%emt 0:00:44]} Kd3 {[%emt 0:00:31]} 67. Qf5+ {[%emt 0:00:39]} Kc3 {[%emt 0:00:05]} 68. Qh3+ {[%emt 0:00:28]} Kb2 {[%emt 0:00:21]} 69. Ke1 {[%emt 0:00:45]} Qe4+ {[%emt 0:00:14]} 70. Kf1 {[%emt 0:00:19]} f3 {[%emt 0:00:13]} 71. Qh2+ {[%emt 0:00:49]} Qe2+ {[%emt 0:00:05]} 0-1

[Event "45th Olympiad Budapest 2024"]
[Site "Budapest"]
[Date "2024.09.13"]
[Round "3"]
[Board "4"]
[White "Bensdorp-De Labaca, Marlies"]
[Black "Narva, Triin"]
[Result "1-0"]
[WhiteElo "2241"]
[BlackElo "2066"]
[PlyCount "185"]
[EventDate "2024.09.11"]
[EventType "team-tourn"]
[EventRounds "11"]
[EventCountry "HUN"]
[WhiteTeam "Netherlands"]
[BlackTeam "Estonia"]
[WhiteTeamCountry "NED"]
[BlackTeamCountry "EST"]

1. d4 {[%emt 0:00:02]} d5 {[%emt 0:00:16]} 2. c4 {[%emt 0:00:07]} dxc4 {[%emt 0:00:31]} 3. Nf3 {[%emt 0:00:05]} a6 {[%emt 0:00:18]} 4. e3 {[%emt 0:02:26]} Bg4 {[%emt 0:01:55]} 5. Bxc4 {[%emt 0:00:23]} e6 {[%emt 0:00:35]} 6. O-O {[%emt 0:02:53]} Nf6 {[%emt 0:02:15]} 7. b3 {[%emt 0:01:09]} Be7 {[%emt 0:03:26]} ({RR} 7... c5 8. dxc5 Qxd1 9. Rxd1 Bxc5 10. Bb2 Nc6 11. Nbd2 h6 12. Rac1 Be7 13. Be2 O-O 14. h3 Bh5 15. g4 Bg6 16. Nc4 Rfd8 17. Nfe5 Nxe5 18. Nxe5 Rxd1+ 19. Bxd1 Be4 20. f3 Bh7 21. e4 Ne8 22. Be2 {½-½ Eljanov,P (2678)-Korobov,A (2702) Moscow Aeroflot rapid final 2013 (1.2)}) ({RR} 7... Nc6 8. Bb2 Bd6 9. Be2 O-O 10. Nbd2 Re8 11. Rc1 Bf8 12. Nc4 Rc8 13. Nce5 Nxe5 14. Nxe5 Bxe2 15. Qxe2 c5 16. Rfd1 Qa5 17. Bc3 Qb6 18. Nc4 Qa7 19. dxc5 Qxc5 20. Bxf6 gxf6 21. Qb2 b5 22. Nd6 {1-0 Vela Frago,A (2308)-Khruschiov,A (2291) Titled Tue 11th Jun Late 2024 (1)}) 8. Bb2 {[%emt 0:00:11]} O-O {[%emt 0:01:24]} 9. Nbd2 {[%emt 0:01:27]} Nc6 {[%emt 0:02:46]} 10. Be2 $146 {[%emt 0:06:35]} ({RR} 10. Qc2 Bf5 11. e4 Bg6 12. a3 Qe8 13. Rac1 Bd6 14. Bd3 e5 15. dxe5 Bxe5 16. Nxe5 Nxe5 17. Bxe5 Qxe5 18. f4 Qd4+ 19. Kh1 Rad8 20. Rf3 Bh5 21. Rg3 Ng4 22. h3 Nf2+ 23. Kh2 Nxd3 {0-1 Peltonen,S-Zsiltzova Lisenko,L (2235) IBCA-ol blind 10th 1996 (2.2)}) ({RR} 10. Rc1 Bb4 11. Be2 Qe7 12. Nc4 Rfd8 13. a3 Bd6 14. b4 Qe8 15. Qc2 Bf5 16. Qb3 Be4 17. Nfd2 Bg6 18. Bf3 Bf8 19. Bxc6 Qxc6 20. Ne5 Qb6 21. Ndc4 Qb5 22. Nxg6 hxg6 23. Na5 Bd6 24. h3 Rab8 {0-1 Avram,V (2142)-Zsiltzova Lisenko,L (2276) IBCA World Cup 6th 2010 (6.3)}) ({RR} 10. Rc1 Bb4 11. Be2 Qe7 12. Nc4 Rad8 13. h3 Bh5 14. a3 Bd6 15. b4 Bg6 16. Qb3 Be4 17. Rfd1 Nd5 18. Nxd6 cxd6 19. Nd2 Bg6 20. Bf3 f5 21. Bxd5 exd5 22. Qxd5+ Bf7 23. Qf3 d5 24. Qg3 f4 {1-0 Supatashvili,K (2463)-Rozhkov,V (2248) Titled Tuesday intern op 14th Dec blitz 2021 (3)}) 10... Nd5 {[%emt 0:06:22]} 11. Rc1 {[%emt 0:10:01]} Qe8 {[%emt 0:06:31]} 12. Ne4 {[%emt 0:05:33]} b6 {[%emt 0:27:21]} 13. a3 {[%emt 0:02:42]} Bf5 {[%emt 0:17:43]} 14. Nfd2 {[%emt 0:08:06]} Ra7 {[%emt 0:03:22]} 15. b4 {[%emt 0:07:59]} Nb8 {[%emt 0:01:44]} 16. Re1 {[%emt 0:05:17]} Kh8 {[%emt 0:09:30]} 17. Qb3 {[%emt 0:08:52]} Bg6 {[%emt 0:10:13]} 18. Bf3 {[%emt 0:04:28]} Nd7 {[%emt 0:02:38]} 19. Ng3 {[%emt 0:02:00]} N5f6 {[%emt 0:00:35]} 20. e4 {[%emt 0:00:30]} Ng8 {[%emt 0:00:30]} 21. Nc4 {[%emt 0:06:21]} Bg5 {[%emt 0:00:11]} 22. Rcd1 {[%emt 0:00:26]} Ne7 {[%emt 0:00:35]} 23. d5 {[%emt 0:02:22]} Nc8 {[%emt 0:00:33]} 24. Bg4 {[%emt 0:02:44]} b5 {[%emt 0:00:41]} 25. Na5 {[%emt 0:00:40]} Ndb6 {[%emt 0:00:30]} 26. dxe6 {[%emt 0:02:20]} Nd6 {[%emt 0:00:31]} 27. Nf5 {[%emt 0:01:43]} Rg8 {[%emt 0:00:30]} 28. Nxd6 {[%emt 0:01:45]} cxd6 {[%emt 0:00:04]} 29. Rxd6 {[%emt 0:00:14]} Qb8 {[%emt 0:00:54]} 30. Be5 {[%emt 0:02:53]} f6 {[%emt 0:00:31]} 31. Nc6 {[%emt 0:00:27]} Qb7 {[%emt 0:00:30]} 32. Nxa7 {[%emt 0:03:15]} fxe5 {[%emt 0:00:12]} 33. Nc6 {[%emt 0:00:39]} Nc4 {[%emt 0:00:30]} 34. Qd3 {[%emt 0:01:03]} Nxd6 {[%emt 0:00:48]} 35. Qxd6 {[%emt 0:00:04]} Be8 {[%emt 0:00:32]} 36. Nxe5 {[%emt 0:00:22]} h5 {[%emt 0:00:29]} 37. Bf5 {[%emt 0:00:52]} g6 {[%emt 0:00:22]} 38. Nf7+ {[%emt 0:02:30]} Bxf7 {[%emt 0:00:29]} 39. exf7 {[%emt 0:00:03]} Qxf7 {[%emt 0:00:13]} 40. Be6 {[%emt 0:00:05]} Qf6 {[%emt 0:00:39]} 41. e5 {[%emt 0:00:05]} Rd8 {[%emt 0:01:37]} 42. Qb6 {[%emt 0:07:19]} Qf4 {[%emt 0:11:17]} 43. Bb3 {[%emt 0:05:46]} Qd2 {[%emt 0:09:42]} 44. Rf1 {[%emt 0:00:18]} Qd3 {[%emt 0:02:35]} 45. f4 {[%emt 0:02:24]} Rf8 {[%emt 0:04:09]} 46. Qc5 {[%emt 0:03:11]} Kg7 {[%emt 0:02:45]} 47. Bc2 {[%emt 0:00:24]} Qe2 {[%emt 0:00:36]} 48. g3 {[%emt 0:01:49]} h4 {[%emt 0:01:22]} 49. Rd1 {[%emt 0:02:53]} Qg4 {[%emt 0:00:22]} 50. Qc6 {[%emt 0:04:52]} Bxf4 {[%emt 0:00:42]} 51. Qd7+ {[%emt 0:00:18]} Qxd7 {[%emt 0:00:40]} 52. Rxd7+ {[%emt 0:00:03]} Kh6 {[%emt 0:00:27]} 53. gxf4 {[%emt 0:00:04]} Rxf4 {[%emt 0:00:15]} 54. e6 {[%emt 0:02:21]} Rg4+ {[%emt 0:00:48]} 55. Kf1 {[%emt 0:00:05]} Rg5 {[%emt 0:00:25]} 56. Rf7 {[%emt 0:03:15]} Re5 {[%emt 0:00:29]} 57. Rf6 {[%emt 0:00:26]} Kg5 {[%emt 0:00:33]} 58. Rxg6+ {[%emt 0:00:05]} Kf4 {[%emt 0:00:11]} 59. Kf2 {[%emt 0:00:24]} h3 {[%emt 0:00:29]} 60. Rf6+ {[%emt 0:00:10]} Kg4 {[%emt 0:00:21]} 61. Bd1+ {[%emt 0:00:19]} Kg5 {[%emt 0:00:17]} 62. Rf3 {[%emt 0:00:25]} Rxe6 {[%emt 0:00:14]} 63. Rxh3 {[%emt 0:00:03]} Rd6 {[%emt 0:00:30]} 64. Be2 {[%emt 0:00:18]} Rc6 {[%emt 0:00:24]} 65. Rg3+ {[%emt 0:01:22]} Kh6 {[%emt 0:01:34]} 66. h4 {[%emt 0:00:04]} Rf6+ {[%emt 0:00:05]} 67. Ke3 {[%emt 0:00:30]} Re6+ {[%emt 0:00:12]} 68. Kd3 {[%emt 0:00:54]} Rd6+ {[%emt 0:00:12]} 69. Kc3 {[%emt 0:00:07]} Re6 {[%emt 0:00:41]} 70. Bg4 {[%emt 0:01:10]} Rf6 {[%emt 0:01:11]} 71. Kd4 {[%emt 0:00:09]} Rc6 {[%emt 0:00:16]} 72. Re3 {[%emt 0:00:10]} Rc4+ {[%emt 0:00:05]} 73. Kd5 {[%emt 0:00:19]} Rxg4 {[%emt 0:00:07]} 74. Re6+ {[%emt 0:00:07]} Kh5 {[%emt 0:00:33]} 75. Rxa6 {[%emt 0:00:07]} Rc4 {[%emt 0:01:01]} 76. Rc6 {[%emt 0:00:09]} Rxh4 {[%emt 0:00:34]} 77. Kc5 {[%emt 0:00:16]} Rh3 {[%emt 0:00:43]} 78. Ra6 {[%emt 0:00:03]} Kg5 {[%emt 0:00:09]} 79. Kxb5 {[%emt 0:00:04]} Kf5 {[%emt 0:00:06]} 80. a4 {[%emt 0:00:09]} Ke5 {[%emt 0:00:09]} 81. Rc6 {[%emt 0:00:15]} Kd5 {[%emt 0:00:29]} 82. a5 {[%emt 0:01:10]} Rh4 {[%emt 0:00:34]} 83. Rc8 {[%emt 0:00:11]} Rh7 {[%emt 0:01:52]} 84. a6 {[%emt 0:00:05]} Rg7 {[%emt 0:00:18]} 85. Rd8+ {[%emt 0:00:09]} Ke6 {[%emt 0:00:05]} 86. Kb6 {[%emt 0:00:10]} Ke7 {[%emt 0:00:24]} 87. Rd5 {[%emt 0:01:08]} Ke6 {[%emt 0:00:21]} 88. Rd1 {[%emt 0:00:22]} Rg4 {[%emt 0:00:42]} 89. b5 {[%emt 0:00:04]} Rg8 {[%emt 0:00:22]} 90. a7 {[%emt 0:00:07]} Ke5 {[%emt 0:00:10]} 91. Ka6 {[%emt 0:00:06]} Ke6 {[%emt 0:00:43]} 92. b6 {[%emt 0:00:04]} Ke7 {[%emt 0:00:10]} 93. Kb7 {[%emt 0:00:04]} 1-0